000 00578nam a2200217Ia 4500
005 20230429132708.0
008 131103s9999 xx 000 0 und d
020 _a075130629 0
_c4.99 pds
040 _aLoreto College
041 _aEnglish
082 _a650
_bHEL
100 _aHeller, Robert
245 _aMotivating people
_cby Robert Heller
260 _aLondon
_bDarling Kindersley
_c1998
300 _a72 p.
_b ill., photos
504 _aIncludes index
650 _aManagement -
651 _aManagement and auxiliary services -
850 _aLCLIB
942 _cBK
999 _c1144
_d51623